[Event "Quebec op"]
[Site "Montreal CAN"]
[Date "2013.07.23"]
[Round "4"]
[White "Moradiabadi, Elshan"]
[Black "Kiewra, Keaton F"]
[Result "1-0"]
[WhiteElo "2551"]
[BlackElo "2422"]
[PlyCount "119"]
[GameId "2160767909296974"]
[EventDate "2013.07.21"]
[EventType "swiss"]
[EventRounds "9"]
[EventCountry "CAN"]
[SourceTitle "EXT 2014"]
[Source "ChessBase"]
[SourceDate "2013.11.20"]
[SourceVersion "1"]
[SourceVersionDate "2013.11.20"]
[SourceQuality "1"]

1. d4 Nf6 2. c4 g6 3. Nc3 Bg7 4. e4 d6 5. Nf3 O-O 6. Be3 Bg4 7. Be2 Nfd7 8. Rc1 a6 9. d5 Bxf3 10. Bxf3 b5 11. Be2 bxc4 12. Bxc4 c6 13. dxc6 Nxc6 14. O-O Nc5 15. Na4 Ne5 16. Nxc5 Nxc4 17. Rxc4 dxc5 18. Qc2 Rb8 19. b3 Bd4 20. Rd1 Qa5 21. Ra4 Qb5 22. Bxd4 cxd4 23. Raxd4 Rfc8 24. Qd2 Kg7 25. h4 h5 26. Rd5 Qb4 27. Qe2 Rb6 28. g3 Rbc6 29. Kg2 Rc2 30. R5d2 Rxd2 31. Rxd2 a5 32. Qe3 Qa3 33. Qd4+ Kg8 34. Qd7 Rf8 35. Rc2 e6 36. Qb5 Rd8 37. Qb6 Ra8 38. Qb7 Rf8 39. Qb6 Ra8 40. Qc5 Qb4 41. Qxb4 axb4 42. Kf3 e5 43. Ke3 Kg7 44. Kd2 Kf6 45. Kc1 Ke6 46. Kb2 Ra6 47. Rc4 Rb6 48. a4 bxa3+ 49. Kxa3 Rd6 50. b4 Ra6+ 51. Kb3 Kd6 52. Rc3 Ra1 53. Kc4 f5 54. Rd3+ Ke6 55. exf5+ gxf5 56. b5 e4 57. Rb3 Kd7 58. b6 Kc8 59. Kd4 Re1 60. Ke5 1-0

[Event "Quebec op"]
[Site "Montreal CAN"]
[Date "2013.07.23"]
[Round "4"]
[White "Perez Rodriguez, Luis Manuel"]
[Black "Perez Garcia, Rodney Oscar"]
[Result "1/2-1/2"]
[WhiteElo "2427"]
[BlackElo "2364"]
[PlyCount "61"]
[GameId "2160767909296975"]
[EventDate "2013.07.21"]
[EventType "swiss"]
[EventRounds "9"]
[EventCountry "CAN"]
[SourceTitle "EXT 2014"]
[Source "ChessBase"]
[SourceDate "2013.11.20"]
[SourceVersion "1"]
[SourceVersionDate "2013.11.20"]
[SourceQuality "1"]

1. e4 e5 2. Nf3 Nf6 3. Nxe5 d6 4. Nf3 Nxe4 5. Qe2 Qe7 6. d3 Nf6 7. Bg5 Qxe2+ 8. Bxe2 Be7 9. Nc3 c6 10. O-O-O Nbd7 11. h3 h6 12. Bxf6 Nxf6 13. Rhe1 O-O 14. Ne4 d5 15. Nxf6+ Bxf6 16. d4 Bf5 17. Bd3 Bxd3 18. Rxd3 Rfe8 19. Rde3 Rxe3 20. Rxe3 Kf8 21. Kd2 Re8 22. Kd3 Re7 23. Ke2 Ke8 24. Kd2 Kd7 25. Kd3 Kd6 26. Kd2 h5 27. Kd3 g6 28. Rxe7 Kxe7 29. Ke3 Ke6 30. g4 hxg4 31. hxg4 1/2-1/2

[Event "Quebec op"]
[Site "Montreal CAN"]
[Date "2013.07.23"]
[Round "4"]
[White "Robidas, Francois"]
[Black "Enkh-Amar, Galbadrakh"]
[Result "0-1"]
[WhiteElo "2020"]
[BlackElo "2145"]
[PlyCount "75"]
[GameId "2160767909296978"]
[EventDate "2013.07.21"]
[EventType "swiss"]
[EventRounds "9"]
[EventCountry "CAN"]
[SourceTitle "EXT 2022"]
[Source "ChessBase"]
[SourceDate "2021.10.06"]
[SourceVersion "1"]
[SourceVersionDate "2021.10.06"]
[SourceQuality "1"]

1. e4 c5 2. c3 d5 3. exd5 Qxd5 4. d4 Nf6 5. Nf3 Bg4 6. Be2 e6 7. O-O Nc6 8. Be3 cxd4 9. cxd4 Be7 10. Nc3 Qa5 11. h3 Bh5 12. Qb3 Qb4 13. Qxb4 Bxb4 14. a3 Bxc3 15. bxc3 O-O 16. g4 Bg6 17. Nh4 Rac8 18. Nxg6 hxg6 19. c4 Rfd8 20. Rfd1 Na5 21. Rac1 Rd7 22. g5 Ne4 23. d5 Nb3 24. Rc2 Nec5 25. Rb1 Na5 26. Bg4 Rd6 27. Rb5 b6 28. Bd2 Nab7 29. Bf4 Rdd8 30. Rb1 Nd3 31. Bg3 Ndc5 32. Re1 Re8 33. Re3 Rcd8 34. Rce2 Na5 35. Rc2 Nab3 36. d6 Nd4 37. Rb2 Nf5 38. Bxf5 0-1

[Event "Quebec op"]
[Site "Montreal CAN"]
[Date "2013.07.23"]
[Round "4"]
[White "Sprumont, Oscar"]
[Black "Gagnon, Serge"]
[Result "1/2-1/2"]
[WhiteElo "1953"]
[BlackElo "2001"]
[PlyCount "53"]
[GameId "2160767909296980"]
[EventDate "2013.07.21"]
[EventType "swiss"]
[EventRounds "9"]
[EventCountry "CAN"]
[SourceTitle "EXT 2022"]
[Source "ChessBase"]
[SourceDate "2021.10.06"]
[SourceVersion "1"]
[SourceVersionDate "2021.10.06"]
[SourceQuality "1"]

1. Nf3 d6 2. c4 e5 3. Nc3 f5 4. g3 Nf6 5. Bg2 Nc6 6. d3 Be6 7. O-O h6 8. Nh4 g5 9. Ng6 Rg8 10. Nxf8 Kxf8 11. e3 Qe8 12. Nd5 Bxd5 13. cxd5 Ne7 14. e4 f4 15. g4 h5 16. h3 Qb5 17. b3 Rh8 18. Bb2 Ng6 19. f3 Nd7 20. Qc2 Qc5+ 21. Qxc5 Nxc5 22. Rfd1 Nd7 23. Rac1 Rc8 24. Rc2 Ke7 25. Rdc1 Kd8 26. b4 Rh7 27. Kf2 1/2-1/2

[Event "Quebec op"]
[Site "Montreal CAN"]
[Date "2013.07.23"]
[Round "4"]
[White "Sulskis, Sarunas"]
[Black "Sokolov, Ivan"]
[Result "1/2-1/2"]
[WhiteElo "2559"]
[BlackElo "2650"]
[PlyCount "49"]
[GameId "2160767909296981"]
[EventDate "2013.07.21"]
[EventType "swiss"]
[EventRounds "9"]
[EventCountry "CAN"]
[SourceTitle "EXT 2014"]
[Source "ChessBase"]
[SourceDate "2013.11.20"]
[SourceVersion "1"]
[SourceVersionDate "2013.11.20"]
[SourceQuality "1"]

1. e4 e5 2. Nf3 Nc6 3. Nc3 Nf6 4. Bb5 Bd6 5. O-O O-O 6. d4 Nxd4 7. Nxd4 exd4 8. Qxd4 Qe7 9. Re1 Bc5 10. Qd1 d6 11. Be3 Bxe3 12. Rxe3 Qe5 13. Qd2 Be6 14. Rae1 Rad8 15. Rg3 Nh5 16. Rf3 c6 17. Bf1 Nf6 18. Rg3 Nh5 19. Rf3 Rfe8 20. h3 Nf6 21. Rg3 Nh5 22. Rf3 Nf6 23. Rg3 Nh5 24. Rf3 Nf6 25. Rg3 1/2-1/2

[Event "Quebec op"]
[Site "Montreal CAN"]
[Date "2013.07.23"]
[Round "4"]
[White "Yu, Wenlu"]
[Black "Su, Michael"]
[Result "1-0"]
[WhiteElo "1991"]
[BlackElo "1770"]
[PlyCount "65"]
[GameId "2160767909296982"]
[EventDate "2013.07.21"]
[EventType "swiss"]
[EventRounds "9"]
[EventCountry "CAN"]
[SourceTitle "EXT 2022"]
[Source "ChessBase"]
[SourceDate "2021.10.06"]
[SourceVersion "1"]
[SourceVersionDate "2021.10.06"]
[SourceQuality "1"]

1. e4 e6 2. d4 d5 3. Nc3 Nf6 4. e5 Nfd7 5. Nce2 c5 6. c3 Nc6 7. f4 b5 8. Nf3 Qb6 9. g3 b4 10. Bh3 Ba6 11. Be3 bxc3 12. bxc3 Qb2 13. Kf2 Bxe2 14. Qxe2 Qxc3 15. Rhc1 Qa5 16. Rab1 cxd4 17. Nxd4 Nxd4 18. Bxd4 Bc5 19. Bxc5 Nxc5 20. Rb5 Ne4+ 21. Kg2 Qa3 22. Qc2 O-O 23. Rb7 Rab8 24. Rcb1 Rxb7 25. Rxb7 h6 26. Bg4 Qa6 27. Rc7 Rb8 28. Bf3 Rb4 29. Rc8+ Kh7 30. Rc7 Rd4 31. Kh3 Qf1+ 32. Bg2 Qf2 33. Bxe4+ 1-0

[Event "Quebec op"]
[Site "Montreal CAN"]
[Date "2013.07.24"]
[Round "5"]
[White "Bouchard, Jean-Marc"]
[Black "Luo, Zhao Yang"]
[Result "1/2-1/2"]
[WhiteElo "1873"]
[BlackElo "2008"]
[PlyCount "65"]
[GameId "2160767909296984"]
[EventDate "2013.07.21"]
[EventType "swiss"]
[EventRounds "9"]
[EventCountry "CAN"]
[SourceTitle "EXT 2022"]
[Source "ChessBase"]
[SourceDate "2021.10.06"]
[SourceVersion "1"]
[SourceVersionDate "2021.10.06"]
[SourceQuality "1"]

1. Nf3 d5 2. g3 c5 3. Bg2 Nc6 4. d4 Nf6 5. O-O cxd4 6. Nxd4 e5 7. Nxc6 bxc6 8. c4 Be7 9. Nc3 e4 10. Bg5 Be6 11. Qa4 O-O 12. Rad1 Nd7 13. Bxe7 Qxe7 14. Qxc6 Rfc8 15. Nxd5 Qf8 16. Qa6 Rab8 17. b3 Kh8 18. Nf4 Nc5 19. Nxe6 Nxe6 20. Qd6 Qxd6 21. Rxd6 Nc5 22. Rfd1 f5 23. f3 g6 24. fxe4 fxe4 25. Kf2 a5 26. Rb1 Rb4 27. Ke3 a4 28. Bxe4 axb3 29. axb3 Re8 30. Rd4 Nxb3 31. Rxb3 Rxb3+ 32. Kf2 Rc3 33. Bf3 1/2-1/2

[Event "Quebec op"]
[Site "Montreal CAN"]
[Date "2013.07.24"]
[Round "5"]
[White "Bruzon Batista, Lazaro"]
[Black "Sulskis, Sarunas"]
[Result "1-0"]
[WhiteElo "2691"]
[BlackElo "2559"]
[PlyCount "77"]
[GameId "2160767909296985"]
[EventDate "2013.07.21"]
[EventType "swiss"]
[EventRounds "9"]
[EventCountry "CAN"]
[SourceTitle "EXT 2014"]
[Source "ChessBase"]
[SourceDate "2013.11.20"]
[SourceVersion "1"]
[SourceVersionDate "2013.11.20"]
[SourceQuality "1"]

1. e4 e5 2. Nf3 Nc6 3. Bb5 a6 4. Ba4 Nf6 5. O-O Nxe4 6. d4 b5 7. Bb3 d5 8. dxe5 Be6 9. Be3 Be7 10. c3 O-O 11. Nbd2 Qd7 12. Re1 Rad8 13. Bc2 Nxd2 14. Qxd2 Bf5 15. Rad1 Rfe8 16. h3 h6 17. Bxf5 Qxf5 18. Nd4 Qg6 19. f4 Nxd4 20. cxd4 c5 21. Qf2 c4 22. f5 Qh5 23. Qf1 Bg5 24. Bf2 Bh4 25. g3 Qxf5 26. gxh4 Re6 27. Bg3 Qg6 28. Qf3 b4 29. h5 Qg5 30. Rf1 Rd7 31. Kh2 Rc6 32. Bf4 Qf5 33. Bd2 Qc2 34. Rf2 Qxb2 35. Bxh6 Qxf2+ 36. Qxf2 Rxh6 37. Qf5 Re6 38. Rg1 c3 39. h6 1-0

[Event "Quebec op"]
[Site "Montreal CAN"]
[Date "2013.07.24"]
[Round "5"]
[White "Gates, David"]
[Black "Bergeron, Rene"]
[Result "1-0"]
[WhiteElo "1725"]
[BlackElo "1725"]
[PlyCount "79"]
[GameId "2160767909296986"]
[EventDate "2013.07.21"]
[EventType "swiss"]
[EventRounds "9"]
[EventCountry "CAN"]
[SourceTitle "EXT 2022"]
[Source "ChessBase"]
[SourceDate "2021.10.06"]
[SourceVersion "1"]
[SourceVersionDate "2021.10.06"]
[SourceQuality "1"]

1. e4 c5 2. Nf3 e6 3. d4 cxd4 4. Nxd4 Nc6 5. Nc3 Bb4 6. Be3 Nge7 7. Qd2 O-O 8. a3 Ba5 9. b4 Bc7 10. Rd1 Nxd4 11. Bxd4 Nc6 12. Bc5 Re8 13. Nb5 b6 14. Nxc7 Qxc7 15. Bd6 Qb7 16. c4 Ne7 17. Bd3 Qa6 18. O-O Qxa3 19. Ra1 Qb3 20. Rfb1 Qxb1+ 21. Rxb1 Nc6 22. c5 bxc5 23. bxc5 a5 24. Ra1 Nb4 25. Bb5 Bb7 26. Qf4 Bc6 27. Bxc6 Nxc6 28. h4 a4 29. Ra3 Ra6 30. h5 e5 31. Qh4 h6 32. f4 Nd4 33. Bxe5 Nc2 34. Rc3 Nb4 35. Qg4 f6 36. Qxd7 Raa8 37. Bd4 Nc6 38. Rg3 Ra7 39. Qxe8+ Kh7 40. Bxf6 1-0

[Event "Quebec op"]
[Site "Montreal CAN"]
[Date "2013.07.24"]
[Round "5"]
[White "Lebeau, Gilbert"]
[Black "Robidas, Francois"]
[Result "0-1"]
[WhiteElo "2002"]
[BlackElo "2020"]
[PlyCount "64"]
[GameId "2160767909296988"]
[EventDate "2013.07.21"]
[EventType "swiss"]
[EventRounds "9"]
[EventCountry "CAN"]
[SourceTitle "EXT 2022"]
[Source "ChessBase"]
[SourceDate "2021.10.06"]
[SourceVersion "1"]
[SourceVersionDate "2021.10.06"]
[SourceQuality "1"]

1. d4 Nf6 2. c4 e6 3. Nc3 d5 4. Nf3 c5 5. cxd5 exd5 6. g3 Nc6 7. Bg2 Be7 8. O-O O-O 9. Bg5 cxd4 10. Nxd4 h6 11. Bxf6 Bxf6 12. e3 Nxd4 13. exd4 Be6 14. Qd2 Qb6 15. Rad1 Rfd8 16. h3 Rac8 17. Na4 Qb5 18. Nc5 Bf5 19. b3 b6 20. Nb7 Bg5 21. f4 Rc2 22. Qe1 Re2 23. Qc3 Rc8 24. Nc5 Bf6 25. a4 Qxc5 26. dxc5 Bxc3 27. Bxd5 Rxc5 28. Bf3 Rb2 29. g4 Be6 30. Rd8+ Kh7 31. Be4+ f5 32. Bf3 Rd2 0-1

[Event "Quebec op"]
[Site "Montreal CAN"]
[Date "2013.07.24"]
[Round "5"]
[White "Leveille, Francois"]
[Black "Piasetski, Leon"]
[Result "1/2-1/2"]
[WhiteElo "2279"]
[BlackElo "2279"]
[PlyCount "97"]
[GameId "2160767909296989"]
[EventDate "2013.07.21"]
[EventType "swiss"]
[EventRounds "9"]
[EventCountry "CAN"]
[SourceTitle "EXT 2014"]
[Source "ChessBase"]
[SourceDate "2013.11.20"]
[SourceVersion "1"]
[SourceVersionDate "2013.11.20"]
[SourceQuality "1"]

1. e4 c5 2. Nf3 e6 3. d4 cxd4 4. Nxd4 a6 5. Bd3 Bc5 6. Nb3 Be7 7. Qg4 g6 8. Qe2 d6 9. O-O Nd7 10. a4 b6 11. Na3 Ne5 12. f4 Nxd3 13. cxd3 Nf6 14. Nc4 O-O 15. Be3 Rb8 16. Nd4 Bd7 17. Kh1 b5 18. axb5 axb5 19. Na5 Rc8 20. Qf3 e5 21. Ndb3 Ng4 22. Bd2 exf4 23. Bxf4 Ne5 24. Qe2 Re8 25. Nd4 Bf6 26. Nab3 Bg7 27. Qd2 Qb6 28. h3 d5 29. Bh6 Bh8 30. Qf4 f6 31. Qg3 dxe4 32. dxe4 Nf7 33. Be3 Rxe4 34. Bg1 Qd6 35. Qxd6 Nxd6 36. Ra7 Be8 37. Nd2 Re5 38. N2f3 Rd5 39. Re1 Bf7 40. Bh2 f5 41. Be5 Bxe5 42. Rxe5 Rxe5 43. Nxe5 Be8 44. Kh2 Nf7 45. Nd7 b4 46. Nf6+ Kg7 47. Nxe8+ Rxe8 48. Rb7 Re4 49. Rxb4 1/2-1/2

[Event "Quebec op"]
[Site "Montreal CAN"]
[Date "2013.07.24"]
[Round "5"]
[White "Lopez Linares, Lizandro"]
[Black "Nikulich, Oleksandr"]
[Result "1/2-1/2"]
[WhiteElo "2095"]
[BlackElo "2093"]
[PlyCount "62"]
[GameId "2160767909296990"]
[EventDate "2013.07.21"]
[EventType "swiss"]
[EventRounds "9"]
[EventCountry "CAN"]
[SourceTitle "EXT 2022"]
[Source "ChessBase"]
[SourceDate "2021.10.06"]
[SourceVersion "1"]
[SourceVersionDate "2021.10.06"]
[SourceQuality "1"]

1. d4 Nf6 2. Nf3 e6 3. c4 d5 4. Nc3 Be7 5. Bg5 O-O 6. e3 h6 7. Bh4 b6 8. Rc1 Bb7 9. cxd5 Nxd5 10. Bg3 c5 11. dxc5 Bxc5 12. Nxd5 Bxd5 13. Bc4 Bb4+ 14. Ke2 Bb7 15. a3 Be7 16. Qb3 Na6 17. Rhd1 Qc8 18. Bxa6 Bxf3+ 19. Kxf3 Qxa6 20. Qc4 Qb7+ 21. Qe4 Qxe4+ 22. Kxe4 Bf6 23. Be5 Bxe5 24. Kxe5 Rfd8 25. Rxd8+ Rxd8 26. Rc2 Rd5+ 27. Ke4 Rb5 28. b4 a5 29. Rb2 axb4 30. Rxb4 Ra5 31. Rxb6 Rxa3 1/2-1/2

[Event "Quebec op"]
[Site "Montreal CAN"]
[Date "2013.07.24"]
[Round "5"]
[White "Palsson, Halldor"]
[Black "Yu, Wenlu"]
[Result "1-0"]
[WhiteElo "2074"]
[BlackElo "1991"]
[PlyCount "77"]
[GameId "2160767909296991"]
[EventDate "2013.07.21"]
[EventType "swiss"]
[EventRounds "9"]
[EventCountry "CAN"]
[SourceTitle "EXT 2022"]
[Source "ChessBase"]
[SourceDate "2021.10.06"]
[SourceVersion "1"]
[SourceVersionDate "2021.10.06"]
[SourceQuality "1"]

1. d4 Nf6 2. c4 g6 3. Nc3 d5 4. cxd5 Nxd5 5. e4 Nxc3 6. bxc3 Bg7 7. Nf3 c5 8. Rb1 O-O 9. Be2 Nc6 10. d5 Na5 11. Bb2 c4 12. O-O b6 13. Nd4 Ba6 14. f4 Qc7 15. Ba3 Rfe8 16. e5 Qd7 17. Bf3 Bb7 18. Nc6 Bxc6 19. dxc6 Qc7 20. Bd6 Qc8 21. c7 exd6 22. exd6 Qd7 23. Bxa8 Rxa8 24. Qd5 Rc8 25. Rbd1 Bxc3 26. f5 Rf8 27. fxg6 hxg6 28. Rf3 Bb4 29. Rf6 Kg7 30. Rdf1 Bc5+ 31. Kh1 Bxd6 32. Rxd6 Qxc7 33. Rd7 Qc5 34. Rfxf7+ Rxf7 35. Qxf7+ Kh6 36. Qf4+ g5 37. Qf6+ Kh5 38. Rh7+ Kg4 39. Qf3# 1-0

[Event "Quebec op"]
[Site "Montreal CAN"]
[Date "2013.07.24"]
[Round "5"]
[White "Sprumont, Oscar"]
[Black "Gilbert, Erick"]
[Result "1-0"]
[WhiteElo "1953"]
[BlackElo "1860"]
[PlyCount "54"]
[GameId "2160767909296994"]
[EventDate "2013.07.21"]
[EventType "swiss"]
[EventRounds "9"]
[EventCountry "CAN"]
[SourceTitle "EXT 2022"]
[Source "ChessBase"]
[SourceDate "2021.10.06"]
[SourceVersion "1"]
[SourceVersionDate "2021.10.06"]
[SourceQuality "1"]

1. Nf3 Nf6 2. c4 c5 3. g3 e6 4. Bg2 Be7 5. O-O O-O 6. Nc3 a6 7. b3 Nc6 8. Bb2 d5 9. cxd5 exd5 10. d4 Ne4 11. dxc5 Nxc3 12. Bxc3 Bxc5 13. Nd4 Bg4 14. h3 Nxd4 15. hxg4 Nb5 16. Bb2 Nc7 17. Qd3 Qg5 18. Rac1 Bb6 19. Bf3 Rad8 20. Kg2 Ne6 21. Rh1 Qg6 22. Qxg6 fxg6 23. Rh4 Ng5 24. Ba3 Rxf3 25. exf3 Kf7 26. Bc5 Ba5 27. b4 Bc7 1-0

[Event "Quebec op"]
[Site "Montreal CAN"]
[Date "2013.07.24"]
[Round "5"]
[White "Vera, Reynaldo"]
[Black "Gerzhoy, Leonid"]
[Result "1/2-1/2"]
[WhiteElo "2462"]
[BlackElo "2462"]
[PlyCount "62"]
[GameId "2160767909296995"]
[EventDate "2013.07.21"]
[EventType "swiss"]
[EventRounds "9"]
[EventCountry "CAN"]
[SourceTitle "EXT 2014"]
[Source "ChessBase"]
[SourceDate "2013.11.20"]
[SourceVersion "1"]
[SourceVersionDate "2013.11.20"]
[SourceQuality "1"]

1. d4 d5 2. c4 c6 3. Nc3 Nf6 4. cxd5 cxd5 5. Bf4 Nc6 6. e3 a6 7. Bd3 Bg4 8. Nge2 e6 9. O-O Bd6 10. f3 Bh5 11. Rc1 O-O 12. Bxd6 Qxd6 13. Nf4 Bg6 14. Nxg6 hxg6 15. f4 Rfc8 16. Qe2 Na5 17. Rc2 b5 18. Rfc1 Rc6 19. Qe1 Nc4 20. Nb1 Rac8 21. Qe2 Ne4 22. Bxe4 dxe4 23. Nd2 Nxd2 24. Qxd2 f5 25. h3 a5 26. Rxc6 Rxc6 27. Rxc6 Qxc6 28. Qxa5 Qc1+ 29. Kh2 Qxe3 30. Qd8+ Kh7 31. Qh4+ Kg8 1/2-1/2

[Event "Quebec op"]
[Site "Montreal CAN"]
[Date "2013.07.25"]
[Round "6"]
[White "Kiewra, Keaton F"]
[Black "Leveille, Francois"]
[Result "0-1"]
[WhiteElo "2422"]
[BlackElo "2279"]
[PlyCount "86"]
[GameId "2160767909296997"]
[EventDate "2013.07.21"]
[EventType "swiss"]
[EventRounds "9"]
[EventCountry "CAN"]
[SourceTitle "EXT 2014"]
[Source "ChessBase"]
[SourceDate "2013.11.20"]
[SourceVersion "1"]
[SourceVersionDate "2013.11.20"]
[SourceQuality "1"]

1. c4 Nf6 2. Nc3 c5 3. g3 e6 4. Nf3 b6 5. Bg2 Bb7 6. O-O d6 7. d4 cxd4 8. Nxd4 Bxg2 9. Kxg2 Qc8 10. Qa4+ Nfd7 11. e4 a6 12. Rd1 Qb7 13. Be3 Be7 14. Rac1 O-O 15. Qc2 Nf6 16. f3 Nbd7 17. b3 Rac8 18. Qf2 Rfe8 19. g4 h6 20. h4 Ne5 21. a4 Nfd7 22. Rc2 Nc5 23. Rcd2 Nxb3 24. Nxb3 Rxc4 25. Ne2 Rxe4 26. Kg3 Rxa4 27. Rd4 Ra3 28. Nec1 Rc8 29. Qe2 Rc3 30. f4 Nxg4 31. R4d3 Nf6 32. Qb2 Rxd3 33. Nxd3 Ra4 34. Rg1 Qe4 35. Qd2 Qd5 36. Qc2 Rc4 37. Qe2 Rc3 38. Nbc1 Qe4 39. Qd2 Qc4 40. Kh3 h5 41. Bxb6 e5 42. Be3 Qc8+ 43. f5 Rc2 0-1

[Event "Quebec op"]
[Site "Montreal CAN"]
[Date "2013.07.25"]
[Round "6"]
[White "Moradiabadi, Elshan"]
[Black "Bruzon Batista, Lazaro"]
[Result "1/2-1/2"]
[WhiteElo "2551"]
[BlackElo "2691"]
[PlyCount "43"]
[GameId "2160767909296999"]
[EventDate "2013.07.21"]
[EventType "swiss"]
[EventRounds "9"]
[EventCountry "CAN"]
[SourceTitle "EXT 2014"]
[Source "ChessBase"]
[SourceDate "2013.11.20"]
[SourceVersion "1"]
[SourceVersionDate "2013.11.20"]
[SourceQuality "1"]

1. d4 Nf6 2. Nf3 e6 3. c4 b6 4. g3 Bb7 5. Bg2 Be7 6. O-O O-O 7. Nc3 Ne4 8. Bd2 f5 9. Qc2 Bf6 10. Rad1 Nxc3 11. Bxc3 Be4 12. Qa4 d6 13. Rfe1 Qd7 14. Qa3 a5 15. b3 Nc6 16. Qb2 Qf7 17. a3 Ne7 18. Bf1 Bb7 19. Bg2 Be4 20. Bf1 Bb7 21. Bg2 Be4 22. Bf1 1/2-1/2

[Event "Quebec op"]
[Site "Montreal CAN"]
[Date "2013.07.25"]
[Round "6"]
[White "Piasetski, Leon"]
[Black "Jiang, Louie"]
[Result "1/2-1/2"]
[WhiteElo "2279"]
[BlackElo "2324"]
[PlyCount "115"]
[GameId "2160767909297002"]
[EventDate "2013.07.21"]
[EventType "swiss"]
[EventRounds "9"]
[EventCountry "CAN"]
[SourceTitle "EXT 2014"]
[Source "ChessBase"]
[SourceDate "2013.11.20"]
[SourceVersion "1"]
[SourceVersionDate "2013.11.20"]
[SourceQuality "1"]

1. Nf3 Nf6 2. c4 b6 3. d4 e6 4. e3 Bb7 5. Bd3 Be7 6. O-O O-O 7. Nc3 d5 8. b3 c5 9. Bb2 cxd4 10. exd4 Nc6 11. Rc1 Rc8 12. Re1 Re8 13. a3 Bf8 14. Nb5 g6 15. c5 a6 16. Nc3 bxc5 17. dxc5 e5 18. Bf1 Bxc5 19. Nxd5 Bxf2+ 20. Kxf2 Nxd5 21. Kg1 f6 22. Kh1 Nf4 23. Qxd8 Rexd8 24. Red1 Kf7 25. Kg1 Ke7 26. g3 Ne6 27. Kf2 e4 28. Nd2 Ne5 29. Rxc8 Ng4+ 30. Ke2 Rxc8 31. Bh3 Nxh2 32. Bxe6 Kxe6 33. Nc4 Ng4 34. Rd6+ Ke7 35. Rb6 Rc7 36. Ne3 Nxe3 37. Bxf6+ Kf7 38. Kxe3 Rc6 39. Rxc6 Bxc6 40. Bc3 g5 41. a4 Kg6 42. g4 Bd7 43. Kxe4 Bxg4 44. b4 Bf5+ 45. Kf3 Bd7 46. b5 axb5 47. axb5 Bxb5 48. Kg3 Kf5 49. Be1 h5 50. Kh2 Kg4 51. Bd2 h4 52. Be3 Bd7 53. Bd2 Kh5 54. Be3 Bb5 55. Bd2 Bf1 56. Be3 g4 57. Bf2 g3+ 58. Bxg3 1/2-1/2

[Event "Quebec op"]
[Site "Montreal CAN"]
[Date "2013.07.25"]
[Round "6"]
[White "Sulskis, Sarunas"]
[Black "Oliva Castaneda, Kevel"]
[Result "1-0"]
[WhiteElo "2559"]
[BlackElo "2423"]
[PlyCount "161"]
[GameId "2160767909297005"]
[EventDate "2013.07.21"]
[EventType "swiss"]
[EventRounds "9"]
[EventCountry "CAN"]
[SourceTitle "EXT 2014"]
[Source "ChessBase"]
[SourceDate "2013.11.20"]
[SourceVersion "1"]
[SourceVersionDate "2013.11.20"]
[SourceQuality "1"]

1. c4 Nf6 2. d4 g6 3. Nc3 Bg7 4. e4 d6 5. Nf3 O-O 6. h3 e5 7. d5 a5 8. g4 Na6 9. Be3 Nd7 10. Bd3 Nac5 11. Bc2 Nb6 12. Qe2 Bd7 13. Rg1 c6 14. Nd2 a4 15. Rg3 Qe7 16. a3 cxd5 17. exd5 Rfc8 18. Kf1 Kh8 19. Kg1 f5 20. gxf5 Bxf5 21. Bxf5 gxf5 22. Kh1 Nbd7 23. Rag1 Rg8 24. Nb5 Raf8 25. Bg5 Nf6 26. f4 e4 27. Nf3 Qd7 28. Nh4 Ne8 29. Qh5 Qf7 30. Qxf7 Rxf7 31. Bh6 Nd3 32. Bxg7+ Rgxg7 33. Rxg7 Rxg7 34. Nxf5 Rf7 35. Nh6 Rg7 36. Nf5 Rf7 37. Rg5 Rf6 38. Ne7 Ng7 39. f5 Nxb2 40. c5 e3 41. cxd6 e2 42. Rg1 Nd3 43. d7 Rf8 44. Nd6 Ne5 45. f6 Nh5 46. f7 Nf6 47. d8=R Rxd8 48. Ne8 Nxf7 49. Nxf6 Ng5 50. Kg2 Rf8 51. h4 Ne6 52. dxe6 Rxf6 53. Re1 Rxe6 54. Nd5 Re5 55. Nf4 Re3 56. Rxe2 Rxa3 57. Re8+ Kg7 58. Re7+ Kf6 59. Rxb7 Kf5 60. Ne2 Ra2 61. Kf3 Ra3+ 62. Kg2 Ra2 63. Kf3 Ra3+ 64. Kf2 Ra2 65. Rb4 Ra3 66. Ng3+ Ke5 67. Rb7 Kf4 68. Rb4+ Ke5 69. h5 Kf6 70. Kg2 Kg5 71. Kh3 Ra1 72. Rb5+ Kf6 73. Ne4+ Kg7 74. Rb7+ Kh6 75. Kg4 Rc1 76. Rb6+ Kg7 77. h6+ Kf7 78. Ng5+ Ke7 79. Nxh7 a3 80. Ra6 Rg1+ 81. Kf5 1-0

[Event "Quebec op"]
[Site "Montreal CAN"]
[Date "2013.07.26"]
[Round "7"]
[White "Gerzhoy, Leonid"]
[Black "Moradiabadi, Elshan"]
[Result "1/2-1/2"]
[WhiteElo "2462"]
[BlackElo "2551"]
[PlyCount "68"]
[GameId "2160767909297007"]
[EventDate "2013.07.21"]
[EventType "swiss"]
[EventRounds "9"]
[EventCountry "CAN"]
[SourceTitle "EXT 2014"]
[Source "ChessBase"]
[SourceDate "2013.11.20"]
[SourceVersion "1"]
[SourceVersionDate "2013.11.20"]
[SourceQuality "1"]

1. d4 d5 2. c4 e6 3. Nf3 Nf6 4. g3 dxc4 5. Bg2 Nc6 6. Qa4 Bb4+ 7. Bd2 Nd5 8. Bxb4 Ndxb4 9. O-O Rb8 10. Nc3 a6 11. Ne5 O-O 12. Nxc6 Nxc6 13. Bxc6 bxc6 14. Qxc4 Qd6 15. e3 Rxb2 16. Rab1 Rb6 17. Ne4 Qd5 18. Qxd5 exd5 19. Nc5 a5 20. Rb3 Bf5 21. Rc1 Rfb8 22. f3 h5 23. Kf2 a4 24. Rxb6 cxb6 25. Nxa4 b5 26. Nc3 Bd3 27. e4 Bc4 28. exd5 cxd5 29. Rb1 Ra8 30. h4 Ra3 31. Nxb5 Rxa2+ 32. Ke3 Re2+ 33. Kf4 Rd2 34. Nd6 f6 1/2-1/2